000 00619cab a2200205 4500
001 WB2649-26
008 090401t1990 xxu||||| |||| 00| 0 eng d
035 _a(Sirsi) u45904
041 _aeng
245 _aInvestment deals
260 _c1990
350 _a0
490 _aFOCUS Press Release
_v11/12/90 2 pages
520 _aAccording to Property Intelligence , publishers of the FOCUS database s, reported investment deals have dropped sharply over the past two years.
650 _aOFFICES
650 _aPROPERTY
690 _aPROPERTY-PROPERTY FINANCE AND INVESTMENT
942 _n0
948 _c04/03/1997
999 _c29041
_d29041